000 00509nam a2200157 a 4500
001 22236
005 20180713220117.0
008 140415s1997 000 0 spa d
020 _a9800749942
041 _aspa
082 _a378.8
_bMEM
245 0 0 _aMEMORIAS I CURSO IGLU CARIBE 14 DE JULIO AL 08 DE AGOSTO :
_bDE 1997 UNIVERSIDAD SIMON BOLIVAR CARACAS, VENEZUELA
260 _a[s.l.] :
_bUNIVERSIDAD SIMON BOLIVAR,
_c1997
300 _a191
650 1 4 _aEDUCACION SUPERIOR
_xAMERICA LATINA
999 _c22236
_d22236